<?xml version="1.0" encoding="UTF-8"?>
<collection xmlns="http://www.loc.gov/MARC21/slim">
  <record>
    <leader>00000nam  2200000   4500</leader>
    <controlfield tag="001">INLIS000000000005271</controlfield>
    <controlfield tag="005">20190522125035</controlfield>
    <datafield tag="035" ind1="#" ind2="#">
      <subfield code="a">0010-0519000042</subfield>
    </datafield>
    <datafield tag="245" ind1="1" ind2="#">
      <subfield code="a">Strategi Pencegahan Dini Bencana Berbasis Masyarakat Berau Kalimantan Timur /</subfield>
      <subfield code="c">H. Thamrin, S.Sos</subfield>
    </datafield>
    <datafield tag="100" ind1=" " ind2="#">
      <subfield code="a">THAMRIN</subfield>
    </datafield>
    <datafield tag="250" ind1="#" ind2="#">
      <subfield code="a">1</subfield>
    </datafield>
    <datafield tag="300" ind1="#" ind2="#">
      <subfield code="a">ii, 31 halaman :</subfield>
      <subfield code="b">ilustrasi ;</subfield>
      <subfield code="c">30 cm</subfield>
    </datafield>
    <datafield tag="260" ind1="#" ind2="#">
      <subfield code="a">Samarinda :</subfield>
      <subfield code="b">PKP2A III LAN,</subfield>
      <subfield code="c">2018</subfield>
    </datafield>
    <datafield tag="084" ind1="#" ind2="#">
      <subfield code="a">PII 171 2018</subfield>
    </datafield>
    <datafield tag="650" ind1="#" ind2="#">
      <subfield code="a">Proyek Perubahan</subfield>
    </datafield>
    <datafield tag="500" ind1="#" ind2="#">
      <subfield code="a">Coach : Prof. Dr. Sukisno S. Riadi, SE, MM&#13;
Penguji :  Dr. Mariman Darto, SE, MSi&#13;
Mentor : Ir. Gazali, S.IP, MM</subfield>
    </datafield>
    <datafield tag="990" ind1="#" ind2="#">
      <subfield code="a">PII/171/2018</subfield>
    </datafield>
  </record>
</collection>
